| 000 | 01295nam a2200265Ia 4500 | ||
|---|---|---|---|
| 999 |
_c53452 _d53452 |
||
| 001 | 20496 | ||
| 003 | GE_BSU | ||
| 005 | 20210109210237.0 | ||
| 008 | 181216s1973||||ge |||||||||||||| ||geo|| | ||
| 040 | _cGE_BSU | ||
| 041 | _ageo | ||
| 080 | _a811.353.1-84(075.3=161.1) დ-15 | ||
| 100 |
_aდავითიანი, ა. _93905 |
||
| 245 |
_aქართული ენა : _bსაქ. სსრ რუს. სკოლის მე-3 კლასის სახელმძღვ. / _cა. დავითიანი, ვ. მუშკუდიანი ; რედ. : დ. ჯიბლაძე, ლ. გურეშიძე. |
||
| 250 | _aმეთორმეტე გამოცემა | ||
| 264 |
_aთბილისი : _bგანათლება, _c1973. |
||
| 300 |
_a143 გვ. : _bილ. ; _c22 სმ. |
||
| 541 | _h22 თ. | ||
| 653 | _aრუსული სკოლის მე-3 კლასის სახელმძღვანელო | ||
| 653 | _aქართული ენა | ||
| 700 |
_aმუშკუდიანი, ვ. _eავტორი _99545 |
||
| 700 |
_aჯიბლაძე, დ. _eრედაქტორი _98826 |
||
| 700 |
_aგურეშიძე, ლ. _eრედაქტორი _99832 |
||
| 942 |
_cBK _2udc |
||